Illegal art and the war of images
Elmentve itt :
| Szerző: | |
|---|---|
| Dokumentumtípus: | Könyv része |
| Megjelent: |
JATEPress
Szeged
2012
|
| Sorozat: | Acta Universitatis Szegediensis de Attila József nominatae : papers in english and american studies
21 Papers in English and American studies : Tomus XXI. - The iconology of law and order : legal and cosmic 21 |
| Kulcsszavak: | Képzőművészet - USA - kiállítás - 2003-2006, Szerzői jog |
| Tárgyszavak: | |
| Online Access: | http://acta.bibl.u-szeged.hu/86873 |
| LEADER | 01040naa a2200229 i 4500 | ||
|---|---|---|---|
| 001 | acta86873 | ||
| 005 | 20250331131049.0 | ||
| 008 | 250331s2012 hu o 000 eng d | ||
| 020 | |a 978-963-315-076-4 | ||
| 022 | |a 0230-2780 | ||
| 040 | |a SZTE Egyetemi Kiadványok Repozitórium |b hun | ||
| 041 | |a eng | ||
| 100 | 2 | |a Csanádi-Bognár Szilvia | |
| 245 | 1 | 0 | |a Illegal art and the war of images |h [elektronikus dokumentum] / |c Csanádi-Bognár Szilvia |
| 260 | |a JATEPress |b Szeged |c 2012 | ||
| 300 | |a 259-265 | ||
| 490 | 0 | |a Acta Universitatis Szegediensis de Attila József nominatae : papers in english and american studies |v 21 | |
| 490 | 0 | |a Papers in English and American studies : Tomus XXI. - The iconology of law and order : legal and cosmic |v 21 | |
| 650 | 4 | |a Bölcsészettudományok | |
| 650 | 4 | |a Művészetek (művészetek, művészettörténet, előadóművészetek, zene) | |
| 695 | |a Képzőművészet - USA - kiállítás - 2003-2006, Szerzői jog | ||
| 856 | 4 | 0 | |u http://acta.bibl.u-szeged.hu/86873/1/papers_021_259-265.pdf |z Dokumentum-elérés |